000
00274nam a2200109Ia 4500
008
191206s9999 xx 000 0 und d
020
_a
916856011
090
_a
HV5278.A78T94
245
0
_a
Twelve steps and Twelve traditions
260
_a
Alcoholics annonymus
260
_c
c2003
999
_c
17223
_d
17223